000 00633nam a2200145Ia 4500
008 100204s9999 xx 000 0 und d
082 _b12113
100 _aशेरे हाईल
245 _aकामक्रिडेतील स्त्रियांची आवड निवड
260 _b"श्री गजानन बुक डेपो, मुंबई"
300 _a173
630 _aकामक्रिडेतील स्त्रियांची आवड निवड
730 _aकामक्रिडेतील स्त्रियांची आवड निवड
942 _cBOOK
999 _c456546
_d456543